The road to somewhere : A creative writing companion
The Writing Student's Companion is designed to provide students with a comprehensive, lively and interesting guide to the writer's life. It examines the contemporary experience of the learner-writer, deals with elements of craft and explores the skills and knowledge needed to develop as a...
সংরক্ষণ করুন:
| বিন্যাস: | গ্রন্থ |
|---|---|
| ভাষা: | Undetermined |
| প্রকাশিত: |
New York
Palgrave Macmillan
2005
|
| বিষয়গুলি: | |
| ট্যাগগুলো: |
ট্যাগ যুক্ত করুন
কোনো ট্যাগ নেই, প্রথমজন হিসাবে ট্যাগ করুন!
|
| Thư viện lưu trữ: | Trung tâm Học liệu Trường Đại học Cần Thơ |
|---|
| LEADER | 01104nam a2200217Ia 4500 | ||
|---|---|---|---|
| 001 | CTU_116402 | ||
| 008 | 210402s9999 xx 000 0 und d | ||
| 020 | |c 301000 | ||
| 082 | |a 808.042 | ||
| 082 | |b R628 | ||
| 245 | 4 | |a The road to somewhere : | |
| 245 | 2 | |b A creative writing companion | |
| 245 | 0 | |c Edited by Robert Graham ... [et al.] ; conceived by Julie Armstrong ... [et al.] | |
| 260 | |a New York | ||
| 260 | |b Palgrave Macmillan | ||
| 260 | |c 2005 | ||
| 520 | |a The Writing Student's Companion is designed to provide students with a comprehensive, lively and interesting guide to the writer's life. It examines the contemporary experience of the learner-writer, deals with elements of craft and explores the skills and knowledge needed to develop as a writer. It is written by a team of published writers, who all have wide experience of teaching creative writing in higher education | ||
| 650 | |a English language,Creative writing | ||
| 650 | |x Rhetoric,Handbooks, manuals, etc.,Handbooks, manuals, etc. | ||
| 904 | |i Hiếu | ||
| 980 | |a Trung tâm Học liệu Trường Đại học Cần Thơ | ||